Cuatro mitos sobre las pandillas (I)

Shranjeno v:
Bibliografske podrobnosti
Format: Texto
Oznake: Označite
Brez oznak, prvi označite!

MARC

LEADER 00000 a a2200000 04500
001 6680
003
040 |a CRAI/IIS  |c CRAI/IIS 
245 |a Cuatro mitos sobre las pandillas (I)  
500 |a Parte II en NA 19283.03  
773 |g volumen 24, número 1059 -10; páginas 11-13  
999 |c 19685  |d 19685